000 00680nam a2200253Ia 4500
003 OSt
005 20221005030139.0
006 a|||||r|||| 00| 0
007 ta
008 221004b |||||||| |||| 00| 0 eng d
020 _a0521556406
024 _a26067
037 _cTextual
040 _aCRL
_cCRL
_beng
041 _2eng
_aeng
082 _aQ4:(R4), P0
100 _aHarvey Peter
245 0 _aIntroduction to buddhist ethics
_b Foundations values and issues
260 _aCambridge
_bCambridge University Press
_c2000
300 _a478p
_ccm.
650 _aRELIGION
942 _hQ4:(R4), P0
_cTEXL
_2cc
999 _c935750
_d935750